000
00202 a2200085 4500
020
_a
9780711245082
100
_a
Derry Brabbs
245
_a
Great Pilgrimage Sites of Europe
260
_b
Frances Lincoln
_c
2020
999
_c
13534
_d
13534